000 00787nam a2200217Ia 4500
003 GCL
008 140319s9999 xx 000 0 ara d
040 _aGCL /
_cGCL
082 0 4 _a259
_bش ح
100 1 _aشمس الدين بن عبدالله
245 1 0 _aحكم الاسلام فى الغناء /
_cشمس الدين بن عبدالله
700 1 _aمحمد بن ابى بكر
700 1 _aابن قيم الجوزية: شمس الدين ابو عبدالله محمد بن ابى بكر
260 _a[S.N] :
_bالمكتبة القيمة للطباعة والنشر والتوزيع ،
_c1990
300 _a62 ص
490 _a
650 0 4 _aالاسلام
650 0 4 _aالدين الاسلامى
650 0 4 _aالفتاوى الاسلامية
942 _2ddc
_cBK
999 _c39841
_d39841